Resolución de la Sala Constitucional sobre "Proyecto de Ley para el Mejoramiento de los servicios Públicos de Electricidad y Telecomunicaciones y de Participación del Estado; Res: 00-03220

Uloženo v:
Podrobná bibliografie
Médium: Text
Témata:
Tagy: Přidat tag
Žádné tagy, Buďte první, kdo vytvoří štítek k tomuto záznamu!

MARC

LEADER 00000 a a2200000 04500
001 17174
003
040
245 |a Resolución de la Sala Constitucional sobre "Proyecto de Ley para el Mejoramiento de los servicios Públicos de Electricidad y Telecomunicaciones y de Participación del Estado; Res: 00-03220  
650 |a ESTADO  
650 |a GOBIERNO  
650 |a GOBERNABILIDAD  
650 |a PODER LEGISLATIVO  
650 |a LEGISLACION  
650 |a TELECOMUNICACIONES  
650 |a ELECTRICIDAD  
650 |a PARTICIPACION DEL ESTADO  
773 |g volumen 8, número 2; páginas 302-368  
999 |c 21448  |d 21448